000 00462nam a2200169 i 4500
001 133933
003 ES-MaACL
005 20230906194549.0
007 t|
008 070904s1960 sp ||||1| spa d
100 1 _aWallace, Lewis.
_9115952
245 1 0 _aBen-Hur /
_cLewis Wallace ; [traducción S. Nerval.
260 _aBarcelona :
_bArimany,
_c[1960]
300 _a478 p. ;
_c25 cm.
700 1 _aNerval, S.
_985402
852 _aES-MaACL
_jC-18398
_bR.47561
999 _c133933
_d133933